00871nam a22002537a 45000010005000000030006000050050017000110080041000280200018000690400029000870500016001160820012001321000018001442450099001622600038002613000044002995050008003435200142003515210021004935210020005146500027005346500025005617000031005865264FISKH20241121152153.0241121b cb ||||| |||| 00| 0 eng d a9780545477543 aFISKHbengcFISKHdFISKH aHG179.C5359 a332.024 aChatzky, Jean aNot Your Parents' Money Book :bMaking, Saving, and Spending Your Own Money /cby Jean Chatzky aNew York : bScholastic ;c2010 . a162 pages : billustrations ;c22 cm .  aZ  aJean Chatzky offers advice to middle schoolers about their personal finances, describing ways to make, save, and spend money responsibly.8 a1030 bLexile 8 aZ bRaz-Plus  aeconomicsvnon-fiction afinancevnon-fiction aHaya, Erwin eillustrator